[Event "AUTO-ADV-3560"]
[Site "http://www.queenalice.com/game.php?id=1421470"]
[Date "2016.5.5"]
[Round "2"]
[White "BboyH"]
[Black "smcneil"]
[Result "0-1"]
[WhiteElo "2037"]
[BlackElo "1889"]

1. d4 b5 2. e4 Bb7 3. Nc3 a6 4. a3 g6 5. Nf3 Bg7 6. Bf4 d6 7. Bd3 c5 8. Be2 cxd4
9. Nxd4 Qa5 10. O-O e5 11. b4 Qd8 12. Ndxb5 axb5 13. Bxb5+ Nc6 14. Bg3 Ne7 15.
f4 exf4 16. Be1 O-O 17. Rxf4 Bxc3 18. Bxc3 Ne5 19. Bd3 Rc8 20. Bb2 Qb6+ 21. Kh1
Nxd3 22. cxd3 Qc7 23. d4 d5 24. e5 Ba6 25. a4 Qc2 26. Ba3 Be2 27. Qe1 Qxa4 28.
Qxe2 Rc2 29. Qg4 Ra8 30. e6 Qxa3 31. exf7+ Kf8 32. Raf1 Rc1 33. h3 Rxf1+ 34.
Rxf1 Qxb4 35. Qh4 Qc4 36. Kg1 h5 37. Qf6 Nf5 38. Qxg6 Qxd4+ 39. Kh2 Qe5+ 40. Kg1
Qe3+ 41. Kh2 Qg3+ 42. Kh1 Qxg6 0-1

[Event "AUTO-ADV-3560"]
[Site "http://www.queenalice.com/game.php?id=1421475"]
[Date "2016.5.5"]
[Round "2"]
[White "rubenov"]
[Black "BboyH"]
[Result "0-1"]
[WhiteElo "2028"]
[BlackElo "2026"]

1. d4 e6 2. e4 c5 3. d5 e5 4. Nc3 d6 5. Bb5+ Bd7 6. Bxd7+ Qxd7 7. Nf3 Be7 8. O-O
Nf6 9. Re1 O-O 10. a3 h6 11. Bd2 Nh7 12. Qc1 h5 13. Ne2 g6 14. c4 f5 15. Bh6 Rf7
16. exf5 Qxf5 17. Ng3 Qd7 18. Be3 a6 19. Ne4 Qg4 20. Ned2 b5 21. h3 Qf5 22. b3
e4 23. Nh2 Bh4 24. Rf1 Nd7 25. g3 Bf6 26. Rb1 Qxh3 27. Nxe4 Be7 28. Ng5 Nxg5 29.
Bxg5 Ne5 30. Bxe7 Rxe7 31. Qf4 Rf8 32. Qg5 Qxh2+ 33. Kxh2 Nf3+ 0-1

[Event "AUTO-ADV-3560"]
[Site "http://www.queenalice.com/game.php?id=1421476"]
[Date "2016.5.5"]
[Round "2"]
[White "BboyH"]
[Black "rubenov"]
[Result "0-1"]
[WhiteElo "2054"]
[BlackElo "2018"]

1. d4 d5 2. Nf3 Nf6 3. Bg5 e6 4. a3 Nc6 5. e3 Be7 6. Bb5 Bd7 7. O-O O-O 8. Re1
Ne4 9. Bxe7 Nxe7 10. Bd3 f5 11. Ne5 Bc8 12. f3 Nd6 13. f4 b6 14. Nc3 Ne4 15.
Nxe4 dxe4 16. Be2 Bb7 17. Bc4 Bd5 18. g4 Bxc4 19. Nxc4 Nc6 20. g5 g6 21. b4 b5
22. Nb2 a6 23. c4 Qd6 24. c5 Qd5 25. Re2 Ne7 26. a4 c6 27. axb5 axb5 28. Kf2
Rxa1 29. Qxa1 Qb3 30. Qe1 Nd5 31. Nd1 Nxb4 32. Kg3 Qa4 33. Nc3 Qb3 34. Qd2 Ra8
35. h4 Ra3 36. Nd1 Ra2 37. Qe1 Nd3 38. Qf1 Rxe2 39. Qxe2 Qc4 40. Qd2 b4 41. h5
Qc1 42. Qe2 b3 43. hxg6 hxg6 44. Kh3 b2 45. Nxb2 Qxb2 46. Qxb2 Nxb2 47. Kg2 Nd1
48. Kf1 Nxe3+ 0-1

[Event "AUTO-ADV-3459"]
[Site "http://www.queenalice.com/game.php?id=1430857"]
[Date "2016.7.8"]
[Round "3"]
[White "Janivgm"]
[Black "BboyH"]
[Result "0-1"]
[WhiteElo "1895"]
[BlackElo "1985"]

1. d4 Nf6 2. c4 d5 3. e3 Bf5 4. Nc3 e6 5. Bd2 Nc6 6. Nf3 Bb4 7. a3 Bxc3 8. Bxc3
Ne4 9. Be2 O-O 10. O-O Re8 11. c5 Ne7 12. Ba5 Nc6 13. Bd2 e5 14. dxe5 Nxe5 15.
Nxe5 Rxe5 16. b4 c6 17. Bc1 Bg6 18. Bb2 Re8 19. Qd4 Nf6 20. Bf3 Qc7 21. Rfe1 Bh5
22. Bd1 Re4 23. Qd2 Ng4 24. Bxg4 Rxg4 25. f4 Bg6 26. Qd4 Be4 27. g3 Qd7 28. Kf2
Rg6 29. Re2 Qh3 30. Ke1 Qg4 31. Kd2 Rd8 32. Rf2 Bf5 33. a4 Re6 34. a5 Re4 35.
Qc3 Rc4 36. Qa3 Rc2+ 37. Ke1 Rc4 38. Bd4 a6 39. Rc1 Re8 40. Rxc4 dxc4 41. Qc3
Bd3 42. Kd2 f5 43. Qc1 Re4 44. Qg1 h5 45. Qg2 Qg6 46. h3 Qe6 47. Qf3 g6 48. Qd1
Kh7 49. h4 Qd5 50. Qa1 Re8 51. Qg1 Be4 52. Kc3 Bf3 53. Qe1 Be4 54. Rd2 Qe6 55.
Qd1 Bd5 56. Qe2 Qe4 57. Qe1 Qf3 58. Rf2 Qxg3 59. Re2 Qg4 60. Kd2 Bf3 61. Rh2 Rd8
62. Kc3 Bd5 63. Kd2 Be4 64. Kc3 Bd5 65. Kd2 Qf3 66. Qg1 Be6 67. Rg2 Bf7 68. Rg3
Qe4 69. Qf1 Rd7 70. Kc3 Qe7 71. Rg5 Bd5 72. Rg3 Qxh4 73. Qg1 Bf7 74. Rg5 Qh3 75.
Rxf5 Qxf5 0-1

[Event "AUTO-ADV-3459"]
[Site "http://www.queenalice.com/game.php?id=1430858"]
[Date "2016.7.8"]
[Round "3"]
[White "BboyH"]
[Black "Janivgm"]
[Result "0-1"]
[WhiteElo "2006"]
[BlackElo "1874"]

1. d4 d5 2. c4 c6 3. Bf4 Nf6 4. e3 g6 5. Nf3 Bg4 6. h3 Bf5 7. Nc3 Bg7 8. Bd3 e6
9. b3 Nbd7 10. c5 Qa5 11. Qc2 Ne4 12. Bxe4 Bxe4 13. Qb2 Nxc5 14. O-O Nd3 15. Qd2
Nxf4 16. exf4 Bxf3 17. gxf3 c5 18. Qd3 Bxd4 19. Ne2 Bxa1 20. Rxa1 O-O 21. h4 c4
22. bxc4 dxc4 23. Qxc4 Qd5 24. Qc3 Rac8 25. Qf6 Qxf3 26. Qe5 Rc2 27. Re1 Rxa2
28. Qb5 Qg4+ 29. Ng3 Qxf4 30. Qc5 b6 31. Qe3 Qxe3 32. Rxe3 Rd8 33. Kg2 Rdd2 34.
Ne4 Rd4 35. Nc3 Ra1 36. Ne2 Rxh4 37. Ng3 a5 38. Ne4 Kg7 39. Nd6 a4 40. Nb5 Rb4
41. Nd6 Kf8 42. Ne4 Rb3 43. Re2 a3 44. Rd2 Rb2 45. Rd3 a2 46. Nc3 Rc1 47. Nxa2
Rxa2 48. Rd6 b5 49. Rb6 Rb1 50. Kg3 b4 51. Rb8+ Kg7 52. Kf4 b3 53. Ke5 b2 54.
Kd6 Rd1+ 55. Ke7 Ra7+ 56. Ke8 b1=Q 57. Rxb1 Rxb1 58. Kd8 Rb8# 0-1

[Event "Challenge"]
[Site "http://www.queenalice.com/game.php?id=1442045"]
[Date "2016.9.19"]
[Round "-"]
[White "Mulder"]
[Black "BboyH"]
[Result "1-0"]
[WhiteElo "2197"]
[BlackElo "2015"]

1. e4 c5 2. Nf3 a6 3. c3 e6 4. d4 d5 5. exd5 exd5 6. Bd3 Bg4 7. h3 Be6 8. O-O
Nc6 9. Ng5 Bd7 10. Nxh7 Bd6 11. Re1+ Nce7 12. Qh5 1-0

[Event "Ajedrez # 4"]
[Site "http://www.queenalice.com/game.php?id=1447232"]
[Date "2016.11.1"]
[Round "1"]
[White "BboyH"]
[Black "tewald"]
[Result "1-0"]
[WhiteElo "1997"]
[BlackElo "1982"]

1. d4 Nf6 2. Bg5 c5 3. Nc3 cxd4 4. Qxd4 Nc6 5. Qd1 h6 6. Bh4 b6 7. e4 Bb7 8. a3
g5 9. Bg3 d6 10. Bb5 Qc7 11. Nd5 Qd7 12. Nxf6+ exf6 13. Nf3 Be7 14. Nd4 O-O 15.
Nf5 Qe6 16. f3 Rad8 17. O-O Kh7 18. Re1 a6 19. Bd3 Ne5 20. f4 Ng6 21. Qh5 Rh8
22. Qxh6+ Kg8 23. Qg7# 1-0

[Event "AUTO-OPEN-3735"]
[Site "http://www.queenalice.com/game.php?id=1453161"]
[Date "2016.12.3"]
[Round "1"]
[White "BboyH"]
[Black "popcorn"]
[Result "0-1"]
[WhiteElo "2009"]
[BlackElo "2320"]

1. d4 Nf6 2. Nc3 g6 3. e4 d6 4. Bg5 Bg7 5. Bc4 O-O 6. Nf3 c6 7. O-O b5 8. Bb3
Qc7 9. Re1 e5 10. d5 b4 11. Na4 c5 12. c3 a5 13. c4 Nh5 14. g3 Bg4 15. Re3 f6
16. Qf1 fxg5 17. Nxg5 Bh6 18. Nh3 Bxe3 0-1

[Event "AUTO-OPEN-3735"]
[Site "http://www.queenalice.com/game.php?id=1453162"]
[Date "2016.12.3"]
[Round "1"]
[White "popcorn"]
[Black "BboyH"]
[Result "1-0"]
[WhiteElo "2376"]
[BlackElo "2011"]

1. d4 d5 2. c4 e6 3. Nc3 Nc6 4. Nf3 Bb4 5. e3 Nf6 6. Bd3 h6 7. O-O O-O 8. a3
Bxc3 9. bxc3 Re8 10. Qc2 e5 11. Nd2 e4 12. Be2 Bf5 13. cxd5 Nxd5 14. c4 Nb6 15.
Bb2 Qg5 16. Rfe1 Rad8 17. a4 Re6 18. Bc3 Rg6 19. Bf1 Re8 20. Rab1 Bh3 21. g3
Bxf1 22. Rxf1 f5 23. a5 Nc8 24. Rxb7 Qe7 25. Qa4 Nd8 26. Rxc7 Qxc7 27. Qxe8+ Kh7
28. d5 Nd6 29. Qe5 N8f7 30. Qd4 h5 31. Rb1 Ng5 32. c5 Nb7 33. h4 Nf7 34. d6 Qd7
35. Qd5 Nbd8 36. a6 Re6 37. Qxf5+ g6 38. Qd5 Re8 39. Nxe4 Kh6 40. Bf6 Qg4 41.
Bg5+ Kg7 42. Bf6+ Kf8 43. Be7+ Kg7 44. Qd4+ Kh6 45. Bg5+ Nxg5 46. hxg5+ 1-0

[Event "AUTO-OPEN-3735"]
[Site "http://www.queenalice.com/game.php?id=1453163"]
[Date "2016.12.3"]
[Round "1"]
[White "BboyH"]
[Black "Perseids_Java"]
[Result "0-1"]
[WhiteElo "2005"]
[BlackElo "2353"]

1. d4 Nf6 2. Nc3 d5 3. Bg5 e6 4. e4 Be7 5. Bd3 dxe4 6. Nxe4 Nxe4 7. Bxe7 Nxf2 8.
Bxd8 Nxd1 9. Rxd1 Kxd8 10. Nf3 Nd7 11. Ng5 Ke7 12. O-O Nf6 13. Rde1 Rd8 14. c3
c5 15. Rf4 h6 16. Ne4 Nxe4 17. Rfxe4 b6 18. Bc4 cxd4 19. cxd4 Bb7 20. Rg4 g6 21.
Rd1 Rd6 22. Rh4 Rc8 23. b3 h5 24. Rf1 Rcd8 25. Rhf4 f5 26. Rd1 Be4 27. d5 Bxd5
28. Be2 e5 29. Rf2 e4 30. h3 Bb7 31. Ra1 Rd2 32. b4 e3 0-1

[Event "AUTO-OPEN-3735"]
[Site "http://www.queenalice.com/game.php?id=1453164"]
[Date "2016.12.3"]
[Round "1"]
[White "Perseids_Java"]
[Black "BboyH"]
[Result "1-0"]
[WhiteElo "2348"]
[BlackElo "2012"]

1. e4 c5 2. Nf3 e6 3. d4 a6 4. c3 Nc6 5. Be3 b6 6. Be2 Bb7 7. d5 Na7 8. c4 b5 9.
Nc3 d6 10. dxe6 fxe6 11. Ng5 Bc8 12. Bh5+ g6 13. Qf3 Nf6 14. e5 d5 15. exf6 gxh5
16. cxd5 Qb6 17. dxe6 Nc6 18. Qxh5+ Kd8 19. Nf7+ Kc7 20. Nd5+ 1-0

[Event "Ajedrez # 4"]
[Site "http://www.queenalice.com/game.php?id=1457281"]
[Date "2016.12.31"]
[Round "2"]
[White "Islander"]
[Black "BboyH"]
[Result "1-0"]
[WhiteElo "2228"]
[BlackElo "2003"]

1. e4 c5 2. Nc3 a6 3. Nf3 Nc6 4. d4 cxd4 5. Nxd4 Nxd4 6. Qxd4 Qc7 7. Nd5 Qxc2 8.
Nb6 Rb8 9. Bf4 d6 10. Rc1 e5 11. Rxc2 exd4 12. Rxc8+ Rxc8 13. Nxc8 Kd7 14. Nb6+
Kc7 15. Nd5+ Kd7 16. Bc4 b5 17. Bb3 f6 18. Ke2 Ne7 19. Nxe7 Bxe7 20. Rc1 g5 21.
Bd2 Bd8 22. Bd5 Bb6 23. Kd3 h5 24. Rc6 Rb8 25. Bb4 Bc7 26. Rxa6 Bb6 27. Ra8 Rxa8
28. Bxa8 h4 29. f3 Bc5 30. Be1 Ke6 31. b4 Bb6 32. Bc6 Ke5 33. g3 hxg3 34. Bxg3+
Ke6 35. Bxb5 Ke7 36. Bf2 Bc7 37. Bxd4 d5 38. exd5 Bxh2 39. Bc5+ Kf7 40. a4 f5
41. d6 g4 42. d7 Bc7 43. fxg4 fxg4 44. Bd6 Bd8 45. a5 Ke6 46. Bg3 Kd5 47. a6 Bb6
48. a7 1-0

[Event "Ajedrez # 4"]
[Site "http://www.queenalice.com/game.php?id=1462896"]
[Date "2017.2.5"]
[Round "3"]
[White "BboyH"]
[Black "kuntakinte"]
[Result "1-0"]
[WhiteElo "2007"]
[BlackElo "1715"]

1. d4 d5 2. c4 c6 3. Nc3 e6 4. a3 a6 5. Bf4 Nd7 6. e3 h6 7. Bd3 Ngf6 8. Nf3 Bd6
9. Bxd6 Nb6 10. c5 Nbd7 11. e4 dxe4 12. Nxe4 Nxe4 13. Bxe4 b6 14. Bxc6 Ra7 15.
Ne5 b5 16. b4 f6 17. Qh5+ g6 18. Qxg6# 1-0

[Event "Ajedrez # 4"]
[Site "http://www.queenalice.com/game.php?id=1468076"]
[Date "2017.3.9"]
[Round "4"]
[White "Nguxi59"]
[Black "BboyH"]
[Result "0-1"]
[WhiteElo "2564"]
[BlackElo "2009"]

1. e4 c5 2. Nf3 a6 3. d4 cxd4 4. Nxd4 e5 5. Nf3 Nc6 6. Bc4 h6 7. Be3 d6 8. Nc3
Bg4 9. Nd5 Rc8 10. c3 b5 11. Bd3 Nf6 0-1

[Event "AUTO-MASTER-2578"]
[Site "http://www.queenalice.com/game.php?id=1471093"]
[Date "2017.3.30"]
[Round "1"]
[White "betofortaleza"]
[Black "BboyH"]
[Result "0-1"]
[WhiteElo "1986"]
[BlackElo "2030"]

1. e4 c5 2. Bc4 d6 3. d3 Nc6 4. Nc3 e5 5. Nd5 Nf6 6. Bg5 Be7 7. Qf3 Nd4 8. Qd1
b5 9. Bxf6 Bxf6 10. c3 bxc4 11. cxd4 cxd4 12. dxc4 O-O 13. Qd3 Ba6 14. Ne2 Rc8
15. b3 Bg5 16. O-O Qd7 17. f4 Bh6 18. f5 Bb7 19. Ng3 Bxd5 20. cxd5 Rc3 21. Qe2
Be3+ 22. Kh1 Qd8 23. Nh5 Qg5 24. g3 Rfc8 25. h4 Qh6 26. g4 f6 27. g5 fxg5 28.
Qg4 Rc2 29. f6 Qg6 30. f7+ Kf8 31. Rf5 Rc1+ 32. Rxc1 Rxc1+ 33. Kh2 Bf4+ 34. Kh3
Rc2 35. Nxf4 gxf4 36. Rg5 Qxe4 0-1

[Event "AUTO-MASTER-2578"]
[Site "http://www.queenalice.com/game.php?id=1471094"]
[Date "2017.3.30"]
[Round "1"]
[White "BboyH"]
[Black "betofortaleza"]
[Result "0-1"]
[WhiteElo "2000"]
[BlackElo "1942"]

1. d4 d5 2. Bf4 Nc6 3. e3 a6 4. c4 e6 5. Bd3 Nf6 6. Nc3 Bb4 7. Qc2 Qe7 8. a3
Bxc3+ 9. Qxc3 Bd7 10. Nf3 dxc4 11. Qxc4 O-O 12. O-O h6 13. Bxc7 Rac8 14. Bg3 Ne5
15. Qb3 Nxf3+ 16. gxf3 Bc6 17. e4 Nh5 18. Rae1 Qg5 19. Re3 Rfe8 20. Kh1 Nxg3+
21. hxg3 Rcd8 22. Qc3 Rc8 23. Qd2 e5 24. d5 Bb5 25. Bxb5 axb5 26. Kg2 h5 27. Rh1
g6 28. Qd3 f6 29. d6 Rc6 30. Qd5+ Kg7 31. Rd1 h4 32. d7 Rd8 33. Qxb5 Rc2 34. Re2
Rc7 35. a4 Qh5 36. g4 Qg5 37. Red2 Qf4 38. Qb4 h3+ 39. Kf1 Qxf3 40. Qe7+ Kh6 41.
Qxd8 Kg5 42. Qh8 Qg2+ 43. Ke2 Qxe4+ 44. Kf1 Qg2+ 45. Ke1 Qe4+ 46. Re2 Qh1+ 47.
Kd2 Rxd7+ 48. Kc3 Qxd1 49. Re3 Qd2+ 50. Kb3 Rd3+ 51. Rxd3 Qxd3+ 52. Ka2 Qd5+ 53.
Ka1 Qd1+ 54. Ka2 Qxa4+ 55. Kb1 Qxg4 0-1

[Event "AUTO-MASTER-2578"]
[Site "http://www.queenalice.com/game.php?id=1471105"]
[Date "2017.3.30"]
[Round "1"]
[White "cerenzo72"]
[Black "BboyH"]
[Result "1-0"]
[WhiteElo "2174"]
[BlackElo "1982"]

1. b3 e5 2. Bb2 Nc6 3. e4 Bc5 4. Nf3 d6 5. a3 Bg4 6. b4 Bb6 7. Be2 Nf6 8. d3 O-O
9. O-O h6 10. Nbd2 Nh7 11. Nc4 f5 12. exf5 Bxf5 13. Nxb6 axb6 14. c4 Ne7 15. Qb3
Kh8 16. d4 e4 17. Nd2 c6 18. d5 Nf6 19. f3 Ng6 20. fxe4 Bxe4 21. Bxf6 Rxf6 22.
Nxe4 Rxf1+ 23. Rxf1 Qe7 24. Ng3 Re8 25. Bh5 Qg5 26. Bxg6 Qxg6 27. Qf3 c5 28. Qc3
Kh7 29. Qb3 Re7 30. Nf5 Rd7 31. Qa4 Rc7 32. bxc5 bxc5 33. Qc2 b6 34. Re1 1-0

[Event "AUTO-MASTER-2578"]
[Site "http://www.queenalice.com/game.php?id=1471106"]
[Date "2017.3.30"]
[Round "1"]
[White "BboyH"]
[Black "cerenzo72"]
[Result "0-1"]
[WhiteElo "2044"]
[BlackElo "2186"]

1. d4 b6 2. e4 e6 3. a3 Bb7 4. Nc3 Nf6 5. Bg5 Be7 6. Bc4 Nxe4 7. Bxe7 Qxe7 8.
Nxe4 Bxe4 9. Qe2 Bxg2 10. f3 Bxh1 11. O-O-O Qg5+ 12. Kb1 O-O 13. Bd3 Nc6 14. c3
d5 15. Nh3 Qg2 16. Nf2 Qxf3 17. Bxh7+ Kxh7 18. Qc2+ Qf5 19. Nd3 Be4 0-1

[Event "AUTO-MASTER-2578"]
[Site "http://www.queenalice.com/game.php?id=1471113"]
[Date "2017.3.30"]
[Round "1"]
[White "BboyH"]
[Black "Pin"]
[Result "0-1"]
[WhiteElo "2034"]
[BlackElo "1987"]

1. d4 d5 2. Nc3 Nf6 3. Bg5 Ne4 4. Nxe4 dxe4 5. c4 g6 6. e3 Bg7 7. Qc2 Bf5 8. Be2
O-O 9. c5 Nd7 10. h3 c6 11. b4 a6 12. Bc4 Nf6 13. Ne2 Nd5 14. a3 Qd7 15. Ng3 Be6
16. Nxe4 a5 17. bxa5 Bf5 18. Bd3 Rxa5 19. O-O Rfa8 20. a4 Nb4 21. Qc3 Nxd3 22.
Qxd3 Rxa4 23. Rxa4 Rxa4 24. f3 h6 25. Bh4 Be6 26. Rc1 Bf5 27. Qb3 Ra6 28. Ng3
Be6 29. Qd3 g5 30. Bxg5 hxg5 31. Ne4 Bf5 32. g4 Bg6 0-1

[Event "AUTO-MASTER-2578"]
[Site "http://www.queenalice.com/game.php?id=1471114"]
[Date "2017.3.30"]
[Round "1"]
[White "Pin"]
[Black "BboyH"]
[Result "1-0"]
[WhiteElo "2005"]
[BlackElo "2016"]

1. e4 c5 2. Nf3 a6 3. d4 cxd4 4. Nxd4 e5 5. Nf5 Nf6 6. Bg5 h6 7. Bxf6 Qxf6 8.
Bc4 d6 9. Ne3 Nc6 10. c3 Be6 11. Nd5 Bxd5 12. Bxd5 Be7 13. O-O O-O 14. Nd2 Rab8
15. Qe2 Bd8 16. Nf3 Ne7 17. Rad1 Bc7 18. Rd3 Rfd8 19. Rfd1 Ng6 20. g3 Kh7 21.
Ne1 Qe7 22. Rf3 f6 23. h4 Qd7 24. c4 Qg4 25. Re3 Qh3 26. Qh5 Rd7 27. Rf3 Bd8 28.
Ng2 Bb6 29. b4 Rc7 30. Rdd3 Qd7 31. Ne3 1-0

[Event "Ajedrez # 4"]
[Site "http://www.queenalice.com/game.php?id=1475891"]
[Date "2017.4.30"]
[Round "5"]
[White "Eduardomoreto67"]
[Black "BboyH"]
[Result "1-0"]
[WhiteElo "2226"]
[BlackElo "2039"]

1. e4 c5 2. Nf3 e6 3. d4 Nc6 4. d5 Nce7 5. dxe6 fxe6 6. Bd3 Ng6 7. e5 N8e7 8.
Nc3 Qc7 9. Nb5 Qc6 10. Nd6+ Kd8 11. Nf7+ Kc7 12. Nxh8 Nxh8 13. O-O h6 14. Bf4
1-0